| 000 | 00825nam a22002297a 4500 | ||
|---|---|---|---|
| 999 |
_c20611 _d20611 |
||
| 003 | AR-CdUCM | ||
| 008 | 190508b ||||| |||| 00| 0 spa d | ||
| 040 |
_aMUNICIPALIDAD PROVINCIAL DEL CUSCO _cBIBLIOTECA MUNICIPAL DEL CUSCO |
||
| 041 | _heng. | ||
| 082 |
_a572.4 / _bH64 |
||
| 100 |
_aHill, W.X. Osman _937613 |
||
| 245 | _aEl hombre como animal / | ||
| 260 |
_aBuenos Aires : _bUniversitaria, _c1965. |
||
| 300 |
_a235 paginas ; _c19 cm. |
||
| 505 | _aContenido :La vida y lo viviente --El lugar del hombre en la naturaleza --Argumentos anatómicos --El hombre y la mujer --Lo que dice la embriologia ... | ||
| 650 |
_aAntropologia _9878 |
||
| 650 |
_aHombre _9838 |
||
| 700 |
_aOsvaldo A. Reig (traductor) _937614 |
||
| 700 |
_aEstela Santillani de Reig (traductor) _937615 |
||
| 942 |
_2ddc _cLIBROS |
||
| 945 | _arcc | ||